000 00219 a2200097 4500
001 49353
100 _aAusten
245 _aPride & prefudice
260 _aBombay
_bEducational Publication Co.
_c
090 _c31900
_d31900
942 _aNUST-CAE
_cM
_c24337
999 _c284426
_d284426